Monetary policy in the United States
Spremljeno u:
| Format: | Knjiga |
|---|---|
| Jezik: | Undetermined |
| Izdano: |
Paris
OECD
1974
|
| Teme: | |
| Oznake: |
Dodaj oznaku
Bez oznaka, Budi prvi tko označuje ovaj zapis!
|
| Thư viện lưu trữ: | Trung tâm Học liệu Trường Đại học Cần Thơ |
|---|
| LEADER | 00427nam a2200169Ia 4500 | ||
|---|---|---|---|
| 001 | CTU_82172 | ||
| 008 | 210402s9999 xx 000 0 und d | ||
| 082 | |a 332.4 | ||
| 082 | |b M739 | ||
| 245 | 0 | |a Monetary policy in the United States | |
| 245 | 0 | |c OECD | |
| 260 | |a Paris | ||
| 260 | |b OECD | ||
| 260 | |c 1974 | ||
| 650 | |a Monetary policy | ||
| 904 | |i Trọng Hải | ||
| 980 | |a Trung tâm Học liệu Trường Đại học Cần Thơ | ||